000 02089cam a2200529 i 4500
001 45339
003 KOSZ 005
005 20250505121240.0
008 250505s2004 pl ab f 000 0 pol
015 _aPB 2005/18356
020 _a8373650652
035 _a991027574739705066
035 _a(PL-WaBN)b17475144-48omnis_nlop
035 _ab17475144
035 _a(OCoLC)749993486
035 _azz2005972160
035 _a(PL)b0000001747514
035 _a(EXLNZ-48OMNIS_NETWORK)9910494511305606
040 _aWA N
_cWA N
_dKOSZ 005/HR
_dKOSZ 005/RW
041 0 _apol
_beng
046 _k2004
080 _a658.114(438)"2001/..."
245 0 0 _aFormy wspomagania przedsiębiorczości we współczesnej gospodarce :
_bpraca zbiorowa /
_cpod redakcją naukową Eugeniusza Janowicza i Danuty E. Giętkowskiej ; Politechnika Koszalińska.
250 _aWydanie I.
260 _aKoszalin :
_bWydawnictwo Uczelniane Politechniki Koszalińskiej,
_c2004.
300 _a317 stron :
_bmapy, wykresy ;
_c24 cm.
336 _aTekst
_btxt
_2rdacontent
337 _aBez urządzenia pośredniczącego
_bn
_2rdamedia
338 _aWolumin
_bnc
_2rdacarrier
380 _aKsiążki
380 _aPublikacje naukowe
388 _a2001-
504 _aBibliografia przy artykułach.
546 _aStreszczenie w języku angielskim przy artykułach.
648 7 _a2001-
650 7 _aPrzedsiębiorstwa małe i średnie (MŚP)
651 7 _aPolska
655 7 _aPraca zbiorowa
658 _aGospodarka, ekonomia, finanse
700 1 _aJanowicz, Eugeniusz
_c(finanse)
_eRedakcja
700 1 _aGiętkowska, Danuta E.
_eRedakcja
710 2 _aPolitechnika Koszalińska
710 2 _aWydawnictwo Uczelniane (Politechnika Koszalińska)
_4pbl
856 _uhttp://dlibra.tu.koszalin.pl/dlibra/docmetadata?id=269&from=&dirids=1&ver_id=&lp=1&QI=
_yBiblioteka Cyfrowa
856 _uhttp://koha.tu.koszalin.pl/cgi-bin/koha/opac-detail.pl?biblionumber=45339
_yKatalog online BPK
942 _2UKD
_cKS
999 _c45339
_d45339